La invención de Jesús de Nazaret : (Registro nro. 193484)
[ vista simple ]
| 000 -LEADER | |
|---|---|
| campo de control de longitud fija | 02760nam a2200445 i 4500 |
| 001 - NÚMERO DE CONTROL | |
| campo de control | 193484 |
| 003 - IDENTIFICADOR DE NÚMERO DE CONTROL | |
| campo de control | SpMaBN |
| 005 - FECHA Y HORA DE LA ÚLTIMA TRANSACCIÓN | |
| campo de control | 20250815051245.0 |
| 007 - CAMPO FIJO DE DESCRIPCIÓN FÍSICA--INFORMACIÓN GENERAL | |
| campo de control de longitud fija | ta |
| 008 - DATOS DE LONGITUD FIJA--INFORMACIÓN GENERAL | |
| campo de control de longitud fija | 240102s2018 sp | |||| 001 0 spa |
| 017 ## - NÚMERO DE COPYRIGHT O DE DEPÓSITO LEGAL | |
| Número de copyright o de depósito legal | M 29941-2023 |
| Agencia que asigna | Oficina Depósito Legal Madrid |
| 020 ## - NÚMERO INTERNACIONAL ESTÁNDAR DEL LIBRO | |
| Número Internacional Estándar del Libro | 9788446054481 |
| 035 ## - NÚMERO DE CONTROL DEL SISTEMA | |
| Número de control de sistema | (OCoLC)1082212812 |
| 035 ## - NÚMERO DE CONTROL DEL SISTEMA | |
| Número de control de sistema | a6366724 |
| 040 ## - FUENTE DE CATALOGACIÓN | |
| Centro catalogador/agencia de origen | SpMaBN |
| Lengua de catalogación | spa |
| Centro/agencia transcriptor | SpMaBN |
| Normas de descripción | rda |
| Centro/agencia modificador | ES-MaACL |
| 080 ## - NÚMERO DE LA CLASIFICACIÓN DECIMAL UNIVERSAL | |
| Número de la Clasificación Decimal Universal | 27-31-144.894 |
| 080 ## - NÚMERO DE LA CLASIFICACIÓN DECIMAL UNIVERSAL | |
| Número de la Clasificación Decimal Universal | 27-312 |
| 100 1# - ENTRADA PRINCIPAL--NOMBRE DE PERSONA | |
| Nombre de persona | Bermejo Rubio, Fernando |
| 9 (RLIN) | 234785 |
| 245 13 - MENCIÓN DEL TÍTULO | |
| Título | La invención de Jesús de Nazaret : |
| Resto del título | historia, ficción, historiografía / |
| Mención de responsabilidad, etc. | Fernando Bermejo Rubio. |
| 250 ## - MENCION DE EDICION | |
| Mención de edición | Edición ampliada y actualizada |
| 264 #1 - PRODUCCIÓN, PUBLICACIÓN, DISTRIBUCIÓN, FABRICACIÓN Y COPYRIGHT | |
| Producción, publicación, distribución, fabricación y copyright | Tres Cantos, Madrid, España : |
| Nombre del de productor, editor, distribuidor, fabricante | Siglo XXI de España Editores, S.A., |
| Fecha de producción, publicación, distribución, fabricación o copyright | 2023 |
| 264 #4 - PRODUCCIÓN, PUBLICACIÓN, DISTRIBUCIÓN, FABRICACIÓN Y COPYRIGHT | |
| Fecha de producción, publicación, distribución, fabricación o copyright | ©2023 |
| 300 ## - DESCRIPCIÓN FÍSICA | |
| Extensión | 796 páginas ; |
| Dimensiones | 22 cm |
| 336 ## - TIPO DE CONTENIDO | |
| Término de tipo de contenido | Texto |
| Fuente | rdacontent |
| 337 ## - TIPO DE MEDIO | |
| Nombre/término del tipo de medio | sin mediación |
| Fuente | rdamedia |
| 338 ## - TIPO DE SOPORTE | |
| Nombre/término del tipo de soporte | volumen |
| Fuente | rdacarrier |
| 490 1# - MENCIÓN DE SERIE | |
| Mención de serie | Varios Siglo XXI ; |
| Designación de volumen o secuencia | 1236 |
| 504 ## - NOTA DE BIBLIOGRAFÍA, ETC. | |
| Nota de bibliografía, etc. | Bibliografía: páginas 695-748. Índices |
| 520 ## - RESUMEN, ETC. | |
| Sumario, etc. | <br/>En tiempos del emperador Tiberio, un judío que predicaba la llegada del reino de Dios fue crucificado en Jerusalén por orden del prefecto romano Poncio Pilato. Este fue el inicio de un proceso que acabaría presentando a Jesús como un ser divino. Que esta glorificación prosiga hasta hoy exige del pensamiento crítico un exhaustivo ejercicio de examen y estudio. ¿Cabe distinguir la realidad del relato heredado? ¿Tienen algo en común el Cristo de la tradición y el Jesús que la investigación histórica desvela? ¿Cómo se explica la divinización del personaje en la cuenca mediterránea del siglo I? ¿Es posible hallar un sentido a la proliferación de obras sobre el «Jesús histórico»?<br/><br/>Tras una extensa investigación que goza de difusión e impacto internacionales, Fernando Bermejo Rubio responde de modo iluminador a todas estas cuestiones. En La invención de Jesús de Nazaret, el historiador de las religiones hace inteligible tanto la figura de Jesús como la construcción cultural que subyace al Cristo de la fe. <br/> |
| 600 04 - PUNTO DE ACCESO ADICIONAL DE MATERIA--NOMBRE DE PERSONA | |
| Nombre de persona | Jesucristo- |
| Subdivisión general | Divinidad |
| Fuente del encabezamiento o término | embne |
| 9 (RLIN) | 66365 |
| 600 04 - PUNTO DE ACCESO ADICIONAL DE MATERIA--NOMBRE DE PERSONA | |
| Nombre de persona | Jesucristo- |
| Subdivisión general | Historicidad |
| Fuente del encabezamiento o término | embne |
| 9 (RLIN) | 66367 |
| 830 #0 - PUNTO DE ACCESO ADICIONAL DE SERIE-TÍTULO UNIFORME | |
| Título uniforme | Varios (Siglo XXI) |
| Designación de volumen o secuencia | 1236 |
| 9 (RLIN) | 234786 |
| 852 ## - LOCALIZACIÓN | |
| Ubicación | ES-MaACL |
| Sublocalización o colección | R.154899 |
| Ubicación en estantería | Depósito J |
| Número de control de estantería | N-9661 |
| Donativo/Legado | Donación: Fernando Bermejo Rubio |
| itemnumber | 200963 |
| Anotaciones manuscritas | Dedicatoria autógrafa del autor |
| Encuadernación | Encuadernación cartoné con sobrecubiertas |
| 903 ## - NOMBRE PERSONAL DE DONANTE | |
| 9 | 234785 |
| a | Bermejo Rubio, Fernando |
| e | Donante |
| 942 ## - ELEMENTOS DE ENTRADA SECUNDARIOS (KOHA) | |
| Suprimir en OPAC | No |
| Tipo de ítem Koha | Libro impreso |
| Estatus retirado | Estado de pérdida | Fuente del sistema de clasificación o colocación | Estado de daño | No para préstamo | Colección | Biblioteca de origen | Biblioteca actual | Ubicación en estantería | Fecha de adquisición | Fuente de adquisición | Total de préstamos | Signatura topográfica completa | Código de barras | Visto por última vez | Precio de reemplazo | Tipo de ítem Koha | Nota pública |
|---|---|---|---|---|---|---|---|---|---|---|---|---|---|---|---|---|---|
| Clasificación decimal universal | Libros con dedicatorias | Biblioteca del Ateneo de Madrid | Biblioteca del Ateneo de Madrid | Depósito J | 13/12/2023 | Donación | N-9661 | 101206243 | 02/01/2024 | 02/01/2024 | Libro impreso | Dedicatoria autógrafa del autor |
